01195nab a22002657a 4500999001500000003000400015005001700019008004100036040000700077100003300084245009600117260007300213300001500286500003500301505017900336505008100515650002300596650002400619650002700643650002400670650003500694650002700729773016000756942001300916 c6422d6422OSt20260202140618.0190429b xxu||||| |||| 00| 0 spa d cPJ 97057aMarceillac, Gustavo A.10aCondenando a muerte :bcualquier solución alternativa al juicio /cGustavo A. Marceillac. cCiudad Autónoma de Buenos Aires :aThomson Reuters La Ley, b2023. ap. 205-216 aCita Online: AR/DOC/1777/2023. aSumario: I. Antecedendes del caso.— II. Síntesis de los argumentos de la mayoría.— III. Algunas consideraciones sobre el criterio mayoritario.— IV. Conclusión.  tSi te interesa el texto completo, solicitalo a koha@justierradelfuego.gov.ar 09343aDERECHO PENAL 092348aPROCESO PENAL 093088aJUICIO ABREVIADO 09180aDEBIDO PROCESO 094885aDERECHOS DE LA VÍCTIMA 0aPARTICULAR DAMNIFICADO0 0265893164tRevista de derecho penal y criminología. Nº 10 - Noviembre 2023dCiudad Autónoma de Buenos Aires : Thomson Reuters La Ley, 2017-x00347914 2udccANA